Gaming Quiz

Random Gaming or Video Games Quiz

Civilization V Quiz Stats

 Plays Quiz Updated Mar 2, 2020

Support Sporcle.
Go Orange.
Score 0/86 Timer 06:00
7 Plays Today
Civilization Or Leader % Correct
America
87.8%
England
84.2%
China
84%
France
83.1%
Germany
81.7%
Russia
80.6%
Japan
80%
Spain
76.9%
Rome
76.3%
Aztec
76.3%
George Washington
75.7%
India
75.4%
Greece
74.6%
Egypt
72.4%
Elizabeth I
69.8%
Inca
67.9%
Portugal
67.2%
Mongolia
65.9%
Napoleon
65%
Brazil
64.9%
Maya
64.6%
Gandhi
64.3%
Sweden
62.8%
Zulu
61.5%
Austria
61.1%
Poland
60.6%
Alexander the Great
60.2%
Korea
60%
Catherine the Great
59.9%
Civilization Or Leader % Correct
Augustus Caesar
58.4%
Babylon
55.4%
Arabia
55.2%
Otto Von Bismarck
55.2%
Persia
54.6%
Denmark
54.1%
Montezuma
53.8%
Ottoman
53.7%
Genghis Khan
53.2%
Netherlands
52.8%
Celtica
51.5%
Huns
50.6%
Indonesia
50.5%
Ethiopia
49.6%
Isabella
49.2%
Venice
48.3%
Carthage
47.7%
Shoshone
47.3%
Morocco
47.1%
Ramesses
46.8%
Maria Theresa
46.2%
Maria I
45.2%
Assyria
44.9%
Iroquois
44.5%
Siam
44.1%
Shaka
43.9%
Polynesia
43.5%
Wu Zetian
42%
Attila
41.6%
Civilization Or Leader % Correct
Byzantium
39.8%
Songhai
38.9%
Pedro II
37.9%
Dido
37.1%
Boudicca
36.1%
William I
35.9%
Darius I
33.4%
Suleiman the Magnificent
32.8%
Harald Bluetooth
32.2%
Gustavus Adolphus
31.5%
Oda Nobunaga
30.8%
Hiawatha
30.6%
Casimir III
29.6%
Pacal
29.2%
Haile Selassie
29.1%
Theodora
28.6%
Pocatello
27.1%
Nebuchadnezzar II
26.8%
Kamehameha I
26.6%
Askia
26.3%
Sejong
24.9%
Enrico Dandolo
24.8%
Harun al-Rashid
23.9%
Pachacuti
22.4%
Ashurbanipal
22.4%
Gajah Mada
20.3%
Ramkhamhaeng
17.7%
Ahmad al-Mansur
17.1%

You're not logged in!

Compare scores with friends on all Sporcle quizzes.
OR
Log In

From the Vault

Which Italian Thing?

by MarcoAndrello

Make pasta before taking this quiz, and it will improve your score. If it doesn't, at least you had pasta.
Remove Ads.
Support Sporcle.
Get the best of Sporcle when you Go Orange. This ad-free experience offers more features, more stats, and more fun while also helping to support Sporcle. Thank you for becoming a member.

Show Comments

Extras

Top Quizzes Today


Score Distribution

Your Account Isn't Verified!

In order to create a playlist on Sporcle, you need to verify the email address you used during registration. Go to your Sporcle Settings to finish the process.

Report this User

Report this user for behavior that violates our Community Guidelines.

Details: